000 00291nam a22001337a 4500
008 170830b xxu||||| |||| 00| 0 eng d
020 _a9780618123537
041 _aeng
080 _22ND
_a070
100 _a39
101 _aMED
245 _aPUBLIC SPEAKING
_cANDREWS,P.H
942 _2udc
_cBK
999 _c25478
_d25478